000 00303nam a2200109Ia 4500
008 200302s9999 xx 000 0 und d
100 _aLewis & O' Connor
245 _aPhilip Johnson The Architect in His Own Words
260 _bRizzoli International Publications Inc.
260 _c1994
300 _a200 P.,
999 _c1522
_d1522